000 00361nam a2200133Ia 4500
005 20251222153634.0
008 251222s9999||||xx |||||||||||||| ||spa||
020 _a848889502X
082 _a677.028.62/P19/Ej.2
100 _aPalma Morón, Felipe
245 0 _aOperaciones Fundamentales en la Hilatura de Fibras Textiles
264 _bHespérides
942 _cLIB
999 _c32463
_d32463